000
00200nam a22000857a 4500
008
170130b xxu||||| |||| 00| 0 eng d
100
_9
2682
_a
Arora.S.L.
245
_a
Physics.S.L.
260
_a
New Delhi
_c
2011
999
_c
5837
_d
5837